000 00995cam a22003257a 4500
003 CHAP
005 20220817043737.0
008 010111d1999 us a r 00110 eng d
010 _a83211
011 _a84183
020 _a0394731727
035 _a94702
040 _cCHAP
082 0 4 _a634.81
_bW3
100 0 0 _aWagner, Philip M.
_9120788
245 1 0 _aGrapes a guide to winemaking into in America wine
_c/by Philip M. Wagner
260 _aNew York :
_bAlfred A. Knopf,
_c1999.
300 _a304 p. :
_bilus.
590 _aBATCH-UPD
_b10
_c20130110
_lUCH01
_h0609
590 _aBATCH-UPD
_b10
_c20130410
_lUCH01
_h0251
590 _aBATCH-UPD
_b10
_c20130914
_lUCH01
_h2059
590 _aCONVERSION
_b10
_c20130109
_lUCH01
_h1346
650 1 4 _aUva.
_9117117
650 1 4 _aVino
_xElaboración.
_9119861
650 1 4 _aViticultura.
901 _aBK
905 _aLilia Sánchez G.
942 _cLIBRO
949 _a634.81 W3
_bBC
_cLIBRO
_d33724000811766
_eLIBRO
_gI.208872
_h99302
_i94702
_si
_t$173.00
999 _c83211
_d83211